| 000 | 00910nam a2200253Ia 4500 | ||
|---|---|---|---|
| 008 | 130821s2007 at a gr eng | ||
| 020 | _a9780324074772 | ||
| 040 |
_aCo-BoUCM _bspa |
||
| 041 | 0 | 0 | _aeng |
| 100 | 1 |
_aHanson, Ward A. _9165041 |
|
| 245 | 1 | 0 |
_aInternet marketing& e-commerce _cWard A. Hanson, Kirthi Kalyanam |
| 260 |
_aAustralia (Oceanía) _bThomson/South-Western _c2007 |
||
| 300 |
_axiii, 642 páginas _bilustraciones, color |
||
| 504 | _aIncluye referencias bibliográficas e índice. | ||
| 650 | 0 | 4 |
_aAdministración de empresas _9435 |
| 650 | 0 | 4 |
_aAdministración de mercadeo _98558 |
| 650 | 0 | 4 |
_aComercio electrónico _xAdministración _928346 |
| 650 | 0 | 4 |
_aInformática _917593 |
| 650 | 0 | 4 |
_aMercadeo por internet _919325 |
| 650 | 0 | 4 |
_aMercadeo _919305 |
| 700 | 1 |
_aKalyanam, Kirthi _9165042 |
|
| 942 |
_cLIBRO _a16 _e1 _mH251i _2DEWEY _h658.872 |
||
| 999 |
_c59716 _d59716 |
||